| 000 | 00778cab a2200265 4500 | ||
|---|---|---|---|
| 001 | ABS53348 | ||
| 008 | 090401t1995 xxu||||| |||| 00| 0 eng d | ||
| 035 | _a(Sirsi) u3676 | ||
| 041 | _aeng | ||
| 100 | _aGee, S. | ||
| 245 | _aDiving in at the deep end | ||
| 260 | _c1995 | ||
| 350 | _a0 | ||
| 490 |
_aLaw Society`s Gazette _v92(30) 31 August 1995, 23 |
||
| 520 | _aDebates the problem of poor workmanship by builders and the implications of "Ruxley Electronics and Construction v Forsyth". | ||
| 650 | _aBREACH OF CONTRACT | ||
| 650 | _aCONTRACT | ||
| 650 | _aDAMAGES | ||
| 650 | _aMEASURE OF DAMAGES | ||
| 650 | _aRUXLEY ELECTRONICS AND CONSTRUCTION V FORSYTH | ||
| 650 | _aSWIMMING POOL | ||
| 690 | _aBUILT ENVIRONMENT | ||
| 942 | _n0 | ||
| 948 | _c04/03/1997 | ||
| 999 |
_c2256 _d2256 |
||